000 00689nam a2200193 4500
001 125889
003 ES-MaACL
005 20250913154000.0
007 t|
008 070214s1960 sp r ||||1| spa d
100 1 _aRaymond
_cFather (O.C.S.O.)
_995636
245 1 3 _aUn trapense grita Dí `Fiat` y reharás tu mundo /
_cRev. M. Raymond, O.C.S.O. ; traducción y adaptación de la 8ª edición norteamericana por Felipe Ximénez de Sandoval.
250 _a3ª. ed. española.
260 _aMadrid :
_bStudium,
_c1960.
300 _a77 p. ;
_c17 cm.
700 1 _aXiménez de Sandoval, Felipe,
_d1903-1978
_9117510
852 _aES-MaACL
_jG-13706
_bR.47409
999 _c125889
_d125889